Economics: Principles and Policy Macroeconomics. (Record no. 706)

MARC details
005 - DATE AND TIME OF LATEST TRANSACTION
control field 20250315095716.0
020 ## - INTERNATIONAL STANDARD BOOK NUMBER
International Standard Book Number 0-15-518853-4
082 ## - DEWEY DECIMAL CLASSIFICATION NUMBER
Classification number 339 BAU
100 ## - MAIN ENTRY--PERSONAL NAME
Author name BAUMOL, J. W.
245 ## - TITLE STATEMENT
Title Economics: Principles and Policy Macroeconomics.
250 ## - EDITION STATEMENT
Edition statement 4th Ed.
260 ## - PUBLICATION, DISTRIBUTION, ETC.
Place of publication, distribution, etc. New York,
Name of publisher, distributor, etc. Harcourt Brace Jovanovich,
Date of publication, distribution, etc. 1988.
300 ## - PHYSICAL DESCRIPTION
Extent xxiv, 500p.: ill.; figure table
Other physical details Glossary, Index.
700 ## - ADDED ENTRY--PERSONAL NAME
Other authors/Editors BLINDER, S. A.
942 ## - ADDED ENTRY ELEMENTS (KOHA)
Source of classification or shelving scheme Dewey Decimal Classification
Koha item type Books
Holdings
Date last seen Total checkouts Full call number Barcode Cost, replacement price Price effective from Koha item type Lost status Source of classification or shelving scheme Damaged status Not for loan Withdrawn status Home library Current library Shelving location Date acquired Cost, normal purchase price
03/15/2025   339 BAU 0000002786 30000.00 03/15/2025 Books   Dewey Decimal Classification       College of Business Education Main Library College of Business Education Main Library General Collection 03/15/2025 10000.00